Bước đầu tìm hiểu sự hình thành các đơn vị hành chánh ở Đồng Bằng Sông Cửu long Luận văn tốt nghiệp Đại học Sư phạm ngành Địa Khóa 19
Gorde:
| Egile nagusia: | |
|---|---|
| Formatua: | Liburua |
| Hizkuntza: | Undetermined |
| Argitaratua: |
Cần Thơ
Trường Đại Học Cần Thơ, Khoa Sư phạm, Bộ môn Địa
1997
|
| Gaiak: | |
| Etiketak: |
Etiketa erantsi
Etiketarik gabe, Izan zaitez lehena erregistro honi etiketa jartzen!
|
| Thư viện lưu trữ: | Trung tâm Học liệu Trường Đại học Cần Thơ |
|---|
| LEADER | 00797nam a2200193Ia 4500 | ||
|---|---|---|---|
| 001 | CTU_18957 | ||
| 008 | 210402s9999 xx 000 0 und d | ||
| 082 | |a 306 | ||
| 082 | |b H108/1997 | ||
| 100 | |a Hoàng Văn Hào | ||
| 245 | 0 | |a Bước đầu tìm hiểu sự hình thành các đơn vị hành chánh ở Đồng Bằng Sông Cửu long | |
| 245 | 0 | |b Luận văn tốt nghiệp Đại học Sư phạm ngành Địa Khóa 19 | |
| 245 | 0 | |c Hoàng Văn Hào | |
| 260 | |a Cần Thơ | ||
| 260 | |b Trường Đại Học Cần Thơ, Khoa Sư phạm, Bộ môn Địa | ||
| 260 | |c 1997 | ||
| 650 | |a social structure - mekong river delta | ||
| 904 | |i Huỳnh Thị Trang, 971003 | ||
| 980 | |a Trung tâm Học liệu Trường Đại học Cần Thơ | ||